LEADER 01692nam 2200373Ia 450 001 996383710103316 005 20210104162517.0 035 $a(CKB)1000000000581174 035 $a(EEBO)2240921508 035 $a(OCoLC)ocm68222581e 035 $a(OCoLC)68222581 035 $a(EXLCZ)991000000000581174 100 $a20060505d1603 uy 0 101 0 $aeng 135 $aurbn||||a|bb| 200 14$aThe Catholikes supplication vnto the Kings Maiestie, for toleration of Catholike religion in England$b[electronic resource] $ewith short notes or animaduersions in the margine. : Whereunto is annexed parallel-wise, a supplicatorie counterpoyse of the Protestants, vnto the same most excellent Maiestie. : Together with the reasons of both sides, for and against toleration of diuers religions. 210 $aAt London $cImprinted by Felix Kyngston, for Edmund Weauer, and are to be solde at his shop, at the great North doore of Paules Church.$d1603. 215 $a[3], 6-39 p 300 $aDedication signed: Gabriel Powel. 300 $aSignatures: [A]⁴(-[A]1) B-E⁴. 300 $aReproduction of original in the Harvard University Library. 330 $aeebo-0097 606 $aCatholics$zEngland$vEarly works to 1800 606 $aProtestants$zEngland$vEarly works to 1800 607 $aGreat Britain$xChurch history$y17th century 615 0$aCatholics 615 0$aProtestants 700 $aPowel$b Gabriel$f1576-1611.$0947308 801 0$bUMI 801 1$bUMI 906 $aBOOK 912 $a996383710103316 996 $aThe Catholikes supplication vnto the Kings Maiestie, for toleration of Catholike religion in England$92353114 997 $aUNISA LEADER 02676nam2 22003733i 450 001 VAN00108545 005 20241219091754.134 012 $2fei$asil- s-er dii. tiAr (C) 1771 (R)$5VAN 100 $a20170324d1771 |0itac50 ba 101 $aita 102 $aIT 140 $a||||||||| ||||||||| 181 $ai$b e 182 $an 183 $anc 200 0 $a1. - In Napoli : nella stamperia di Vincenzo Manfredi : a spese di Domenico Terres, 1771. - 48 [i.e. 44], 504 p. ; 8. ((Frontespizio in rosso e nero. - Numerazione araba prosegue quella romana errata. - Iniziali 205 $aregi xilografici. - Segnatura: a? b-c? A-2G? 2H. - Occhietto a carta a1. - $bemma 210 $rcografico a $drta a3r, in 215 $a da Benedetto Cimarelli 316 $aA carta a1 nota ms. con titolo e nome del possessore.$5IT-IT-CE0105 LAURIABL.700.92/1 461 1$1001VAN00108542$12001 $aDizionario geografico portatile, ovvero descrizione di tutt'i regni, provincie, citta, patriarcati, vescovadi, forti, fortezze, cittadelle, ed altri luoghi considerabili delle quattro parti del mondo; ... Traduzione dall'originale inglese nel francese, e da questo nell'italiano$1205 $aQuarta edizione napoletana divisa in due tomi$bnuovamente corretta$be di nuove carte geografiche$1210 $aIn Napoli$cnella stamperia di Vincenzo Manfredi$ca spese di Domenico Terres$d1771$1215 $a2 volumi$d8$1300 $aPer il nome dell'Autore (Laurence Echard) e per il traduttore francese (Jean Baptiste Ladvocat), cfr. Barbier v. 1, p. 156$1300 $aIniziali e fregi xilografici$1300 $aTesto su due colonne$v1 620 $dNapoli$3VANL000005 700 1$aEchard$bLaurence$f1670?-1730$3VANV083815$0327605 702 1$aCimarelli$bBenedetto$cincisore$3VANV053689$4350 702 1$aLadvocat$bJean Baptiste$f1709-1765$3VANV083814$4730 712 02$aManfredi, Vincenzo$3VANV051955$4610 712 02$aTerres, Domenico$3VANV083516 801 $aIT$bSOL$c20260130$gRICA 856 4 $uhttps://books.google.it/books?id=mAEK-3cUfq8C&printsec=frontcover&hl=it#v=onepage&q&f=false$zVolume digitalizzato. 899 $aBIBLIOTECA DEL DIPARTIMENTO DI GIURISPRUDENZA$1IT-CE0105$2VAN00 912 $aVAN00108545 950 $aBIBLIOTECA DEL DIPARTIMENTO DI GIURISPRUDENZA$d00LAURIA BL.700. 92 $e00BL 1454 1 20170324 A carta a1 nota ms. con titolo e nome del possessore. 996 $a1. - In Napoli : nella stamperia di Vincenzo Manfredi : a spese di Domenico Terres, 1771. - 48 , 504 p. ; 8. ((Frontespizio in rosso e nero. - Numerazione araba prosegue quella romana errata. - Iniziali$94300656 997 $aUNICAMPANIA